| 000 | 00935nam a22002895a 4500 | ||
|---|---|---|---|
| 001 | 16682367 | ||
| 003 | OSt | ||
| 005 | 20150408114144.0 | ||
| 008 | 131022s2012 ohu 000 0 eng | ||
| 010 | _a 2011924686 | ||
| 020 | _a9781111425791 | ||
| 040 |
_aDLC _cDLC |
||
| 042 | _apcc | ||
| 082 | 0 | 0 |
_222 _a621.319 _bGJP |
| 100 | 1 |
_aGlover, J. Duncan. _938112 |
|
| 245 | 1 | 0 |
_aPower system analysis and design, 5/e, SI edition / _cJ. Duncan Glover, Mulukutia S. Sarma, Thomas J. Overbye. |
| 250 | _a5th ed. | ||
| 260 |
_aMason, OH : _bSouth-Western, Cengage Learning, _c2012. |
||
| 263 | _a1103 | ||
| 300 |
_axx, 827 p. : _bill ; _c26 cm. |
||
| 500 | _aIncludes bibliographical references and index. | ||
| 650 | 0 |
_aElectric power systems _xDesign and construction _xData processing _938113 |
|
| 650 | 0 | _aMicrocomputers | |
| 906 |
_a0 _bibc _corignew _d2 _eepcn _f20 _gy-gencatlg |
||
| 942 |
_2ddc _cBOOK |
||
| 999 |
_c31405 _d265905 |
||